Exoplanets with Proper Names - Statistics

General Stats
  • This quiz has been taken 42 times
  • The average score is 5 of 164
Answer Stats
Scientific Designation Answer % Correct
55 Cancri e Janssen
50%
55 Cancri b Galileo
35%
PSR 1257+12 c Poltergeist
35%
55 Cancri c Brahe
30%
Epsilon Eridani b AEgir
25%
51 Pegasi b Dimidium
25%
55 Cancri d Lipperhey
25%
PSR 1257+12 b Draugr
20%
PSR 1257+12 d Phobetor
20%
HD 16175 b Abol
15%
Fomalhaut b Dagon
15%
55 Cancri f Harriot
15%
42 Draconis b Orbitar
15%
GJ 3470 b Phailinsiam
15%
Ain b Amateru
10%
GJ 436 b Awohali
10%
LTT 9779 b Cuancoá
10%
LHS 3844 b Kua'kua
10%
Upsilon Andromedae c Samh
10%
Errai b Tadmor
10%
GJ 367 b Tahay
10%
Pollux b Thestias
10%
WD 0806-661 b Ahra
5%
HAT-P-9 b Alef
5%
Mu Arae c Dulcinea
5%
GJ 1214 b Enaiposha
5%
Edasich b Hypatia
5%
Upsilon Andromedae d Majriti
5%
HD 17156 b Mulchatna
5%
L 168-9 b Qingluan
5%
Mu Arae b Quijote
5%
Mu Arae d Rocinante
5%
Upsilon Andromedae b Saffar
5%
Mu Arae e Sancho
5%
HAT-P-14 b Sissi
5%
14 Andromedae b Spe
5%
GJ 486 B Su
5%
WASP-64 b Agouto
0%
HD 68988 b Albmi
0%
HD 82886 b Arber
0%
18 Delphini b Arion
0%
HD 81688 b Arkas
0%
WASP-43 b Astrolábos
0%
WASP-15 b Asye
0%
HIP 12961 b Aumatex
0%
HD 136418 b Awasis
0%
HD 231701 b Babylonia
0%
HD 18742 b Bagan
0%
HD 20868 b Baiduri
0%
HAT-P-21 b Bambaruush
0%
WASP-19 b Banksia
0%
HIP 79431 b Barajeel
0%
HD 192263 b Beirut
0%
HD 8574 b Bélisama
0%
WASP-21 b Bendida
0%
WASP-39 b Bocaprins
0%
WASP-6 b Boinayel
0%
HAT-P-36 b Bran
0%
HD 83443 b Buru
0%
HD 164604 b Caleuche
0%
WASP-166 b Catalineta
0%
HD 52265 b Cayahuanca
0%
HD 145457 b Chura
0%
WASP-13 b Cruinlagh
0%
WASP-72 b Cuptor
0%
WASP-17 b Ditsö̀
0%
HD 181342 b Dopere
0%
HD 73534 b Drukyul
0%
HD 49674 b Eburonia
0%
HD 130322 b Eiger
0%
HD 43197 b Equiano
0%
HD 6434 b Eyeke
0%
BD-17 63 b Finlay
0%
HD 109246 b Fold
0%
Xi Aquilae b Fortitudo
0%
HD 152581 b Ganja
0%
HAT-P-34 b Ġgantija
0%
WASP-52 b Göktürk
0%
HD 23079 b Guarani
0%
HAT-P-26 b Guataubá
0%
WASP-34 b Haik
0%
HD 7199 b Hairu
0%
8 Umi b Halla
0%
XO-4 b Hämarik
0%
HAT-P-38 b Hiisi
0%
HD 63454 b Ibirapitá
0%
HD 1502 b Indépendance
0%
HAT-P-42 b Iolaus
0%
HD 102956 b Isagel
0%
WASP-161 b Isli
0%
HD 98219 b Ixbalanqué
0%
WASP-38 b Iztok
0%
HAT-P-23 b Jebus
0%
HD 175541 b Kavian
0%
HD 137388 b Kererū
0%
HD 192699 b Khomsa
0%
WASP-22 b Koyopa'
0%
HAT-P-5 b Kráľomoc
0%
WASP-62 b Krotoa
0%
HD 100777 b Laligurans
0%
HD 102117 b Leklsullun
0%
HD 102195 b Lete
0%
HD 95086 b Levantes
0%
HD 85390 b Madalitso
0%
HD 131496 b Madriu
0%
WASP-50 b Maeping
0%
HAT-P-2 b Magor
0%
WASP-69 b Makombé
0%
XO-5 b Makropulos
0%
HD 179949 b Mastika
0%
HD 93083 b Melquíades
0%
HD 104985 b Meztli
0%
HD 208487 b Mintome
0%
HAT-P-6 b Nachtwacht
0%
HIP 65426 b Najsakopajk
0%
HD 30856 b Nakanbé
0%
HD 48265 b Naqaỹa
0%
HD 206610 b Naron
0%
XO-1 b Negoiu
0%
HD 32518 b Neri
0%
HD 117618 b Noifasui
0%
HD 168746 b Onasilos
0%
HD 45350 b Peitruss
0%
HD 99109 b Perwana
0%
HD 221287 b Piptea
0%
BD+14 4559 b Pirx
0%
WASP-79 b Pollera
0%
HAT-P-12 b Puli
0%
HD 96063 b Ramajay
0%
WASP-63 b Regoč
0%
HD 149143 b Riosar
0%
HD 205739 b Samagiya
0%
HD 86081 b Santamasa
0%
HD 100655 b Sazum
0%
HD 149026 b Smertrios
0%
HD 118203 b Staburags
0%
HD 156411 b Sumajmajta
0%
HAT-P-29 b Surt
0%
WASP-71 b Tanzanite
0%
47 Ursae Majoris c Taphao Kaew
0%
47 Ursae Majoris b Taphao Thong
0%
HD 28678 b Tassili
0%
HAT-P-3 b Teberda
0%
HD 181720 b Toge
0%
HD 148427 b Tondra
0%
HD 153950 b Trimobe
0%
HAT-P-15 b Tryzub
0%
HD 108147 b Tumearandu
0%
WASP-121 b Tylos
0%
HD 218566 b Ugarit
0%
TrES-3 b Umbäässa
0%
HD 75898 b Veles
0%
HD 212771 b Victoriapeak
0%
WASP-32 b Viculus
0%
HD 45652 b Viriato
0%
WASP-60 b Vlasina
0%
HAT-P-40 b Vytis
0%
WASP-80 b Wadirum
0%
HD 173416 b Wangshu
0%
HD 224693 b Xólotl
0%
HD 4208 b Xolotlan
0%
HD 38283 b Yanyan
0%
HD 63765 b Yvaga
0%
HATS-72 b Zembretta
0%
No matching quizzes found
Score Distribution
Percent of People with Each Score
Percentile by Number Answered
Your Score History
You have not taken this quiz